Southville International School and Colleges
Your cart is empty.
  • Cart
  • Lists
    Public lists Eva Luna New books Lux_list list_1
    Your lists Log in to create your own lists
  • Log in to your account
  • Your cookies
  • Search history
Southville International School and Colleges
  • Advanced search
  • Recent comments
  • Most popular
  • Libraries

Log in to your account

Log in with GOOGLE


If you do not have an external account, but do have a local account, you can still log in:

  1. Home
  2. MARC view: Martin's physical pharmacy and pharmaceutical sciences :
Normal view MARC view ISBD view

Martin's physical pharmacy and pharmaceutical sciences : (Record no. 368837)

[ view plain ]
MARC details
000 -LEADER
fixed length control field 00731nam a22001937a 4500
003 - CONTROL NUMBER IDENTIFIER
control field 0
005 - DATE AND TIME OF LATEST TRANSACTION
control field 20260311105848.0
008 - FIXED-LENGTH DATA ELEMENTS--GENERAL INFORMATION
fixed length control field 260311b xxu||||| |||| 00| 0 eng d
020 ## - INTERNATIONAL STANDARD BOOK NUMBER
International Standard Book Number 978-1-4511-0992-4
050 ## - LIBRARY OF CONGRESS CALL NUMBER
Classification number RS 403
Item number .M386 2011
245 ## - TITLE STATEMENT
Title Martin's physical pharmacy and pharmaceutical sciences :
Remainder of title physical chemical and biopharmaceutical principles in the pharmaceutical sciences /
Statement of responsibility, etc Patrick J. Sinko, editor.
250 ## - EDITION STATEMENT
Edition statement Sixth edition.
260 ## - PUBLICATION, DISTRIBUTION, ETC. (IMPRINT)
Place of publication, distribution, etc Baltimore :
Name of publisher, distributor, etc Wolters Kluwer,
Date of publication, distribution, etc 2011.
300 ## - PHYSICAL DESCRIPTION
Extent viii, 659 pages :
Other physical details illustrations ;
Dimensions 27 cm.
504 ## - BIBLIOGRAPHY, ETC. NOTE
Bibliography, etc Includes bibliographical references and index.
650 ## - SUBJECT ADDED ENTRY--TOPICAL TERM
Topical term or geographic name as entry element Pharmaceutical chemistry.
650 ## - SUBJECT ADDED ENTRY--TOPICAL TERM
Topical term or geographic name as entry element Chemistry, Physical and theoretical.
942 ## - ADDED ENTRY ELEMENTS (KOHA)
Source of classification or shelving scheme Library of Congress Classification
Koha item type Books
Holdings
Withdrawn status Lost status Source of classification or shelving scheme Damaged status Home library Current library Shelving location Date acquired Source of acquisition Sub Shelving location Total Checkouts Full call number Barcode Date last seen Price effective from Koha item type
    Library of Congress Classification   South SEED-LPDH College Library South SEED-LPDH College Library South SEED-LPDH College Section 03/11/2026 Donation     RS 403 .M386 2011 SSLC1956 03/11/2026 03/11/2026 Books

Martin's physical pharmacy and pharmaceutical sciences :

APA

(2011). Martin's physical pharmacy and pharmaceutical sciences. Baltimore: Wolters Kluwer.

Chicago

2011. Martin's physical pharmacy and pharmaceutical sciences. Baltimore: Wolters Kluwer.

Harvard

(2011). Martin's physical pharmacy and pharmaceutical sciences. Baltimore: Wolters Kluwer.

MLA

Martin's physical pharmacy and pharmaceutical sciences. Baltimore: Wolters Kluwer. 2011.

  • Place hold
  • Print
  • Cite
  • Add to your cart (remove)
  • Save record
    BIBTEX Dublin Core MARCXML MARC (non-Unicode/MARC-8) MARC (Unicode/UTF-8) MARC (Unicode/UTF-8, Standard) MODS (XML) RIS
  • More searches
    Search for this title in:
    Other Libraries (WorldCat) Other Databases (Google Scholar) Online Stores (Bookfinder.com) Open Library (openlibrary.org)

Exporting to Dublin Core...

SOUTHVILLE LIBRARY

Southville International School and Colleges Library

1281 Tropical Ave. Cor. Luxembourg St., BF Homes International, Las Pinas City

Tel. No. 8256374 / 252358 Loc. 117/146

Powered by Koha